000
00354nam a2200157Ia 4500
005
20250121020133.0
008
240331s9999 xx 000 0 und d
020
_a
9551723035
082
_b
HAT
_a
920
100
_a
Hattotuwa, S.
245
0
_a
Sara
260
_a
Sri Lanka
_b
Bay Owl press
_c
2008
300
_a
144 p .,
650
_a
Articles
942
_c
L
999
_c
4438
_d
4438